000 00641nam a22002177a 4500
003 UA-OsUOA
001 95638
007 ta
008 20130305b un ||||| |||| 00| 0 ukr d
090 _a821.161.1
_bК63
942 _cBK
040 _aUA-OsUOA
_brus
_cUA-OsUOA
_dUA-OsUOA
245 _aКомсомольские поэты двадцатых годов
_cЮ. Андреев
300 _a688 с.
955 _a3
041 _arus
080 _a821.161.1
260 _aЛенинград
_bСоветский писатель
_c1988
650 7 _a82 Література. Літературознавство
_2UDC
999 _c381890
_d381890